00284nam a2200121Ia 45000030006000000080041000060400015000471000037000622450025000992600009001245460012001330050017001450STCL150530s9999 xx 000 0 und d aSTCLcSTCL aGray Thomas; Collins, A.J.P.; Ed aPoems of Thomas Gray c1970 aEnglish20220125170919.0